000 00365nam a2200133Ia 4500
008 240624s9999 xx 000 0 und d
041 _aeng
082 _a330.954 MEH
100 _aMEHROTRA SANTOSH
245 _aREALISING THE DEMOGRAPHIC DIVIDEND POLIC
260 _c2016
_aNew Delhi
_bCambridge University Press
300 _a477 : p. : cm. ; 28
365 _cRS
_b32
999 _c27728
_d27728